000 01397nam2a2200289 4500
001 RU\NLR\DIGIT\32229
005 20250613202343.0
035 _a(NLR Aleph) 010120483
090 _a9997297
_c9997297
100 _a20060403j19380924|||y0rusy50 ca
101 0 _arus
102 _aRU
135 _acrbn 001aaaup
200 1 _a№ 213(972)
210 _aВоронеж
_eТип. №1 ОМП ВО
_d24 сентября 1938
215 _a2 с.
325 _aKauchuk_1938_N213
325 _aКопия доступна в Электрон. б-ке РНБ http://vivaldi.nlr.ru/pn000003962/view
461 0 _1001RU\NLR\DIGIT\31354
_12001#$aКаучук$eОрган парткома, завкома и дирекции завода СК-2 им. С.М. Кирова$v№ 213(972)
_1210##$aВоронеж$d1938
_99995020
_a"Воронежсинтезкаучук", открытое акционерное общество
_cВоронеж
_d1933 - 1941
_oГазета партколлектива ВКП (б) и завкома завода СК-2
_tКаучук
_v№ 213(972)
700 1 _aСмирнов
_bН.
_4340
801 2 _aRU
_bNLR
_c20070626
_2rusmarc
852 _aNLR
_jР 19316
942 _cISSNP
980 _aNB
981 3 6 _a(36) Цифровой репозиторий РНБ
981 2 7 _a(27) Периодические издания
_b(27) Газеты